000 00750nam a2200277 a 4500
001 vtls001528370
003 NLI
005 20210627144828.0
008 121212s1953 enk 000 0 eng
039 9 _y201212121616
_zVLOAD
040 0 _aNLI
_beng
_cXData_1
_eAACR2
041 0 _aeng
044 _aenk
082 _a153
100 1 _aMiall, Agnes M.
_9758721
245 1 0 _aComplete fortune celling /
_cby Agnes M. Miall
260 _aLondon :
_bC. Arthur pearson,
_c1953
300 _aix, 334 p. ;
_c20 cm.
650 0 _aAstronomy
_9678933
650 0 _aAstrology
_9677883
887 _a
901 _aIMP296677
_b01.10.1953
902 _a153 A 469
949 _AVIRTUAITEM
_D10000
_X100
_6IMP000296677ENG
942 _2ddc
_cBKS
999 _aVIRTUA40
_c977938
_d977938